Natural hazards : (Record no. 3693)

MARC details
000 -LEADER
fixed length control field 00743nam a22002292 4500
001 - CONTROL NUMBER
control field 0000013247
005 - DATE AND TIME OF LATEST TRANSACTION
control field 20151217145901.0
008 - FIXED-LENGTH DATA ELEMENTS--GENERAL INFORMATION
fixed length control field 090720s xx 000 0 eng d
020 ## - INTERNATIONAL STANDARD BOOK NUMBER
International Standard Book Number 1572300629 :
040 ## - CATALOGING SOURCE
Original cataloging agency KABU
Transcribing agency KABU
100 1# - MAIN ENTRY--PERSONAL NAME
Personal name Tobin, Graham A.
-- 0000170400
245 10 - TITLE STATEMENT
Title Natural hazards :
Remainder of title explanation and integration /
Statement of responsibility, etc. Graham A. Tobin and Burrell E. Montz.
250 ## - EDITION STATEMENT
Edition statement 1st ed.
260 ## - PUBLICATION, DISTRIBUTION, ETC. (IMPRINT)
Place of publication, distribution, etc. New York :
Name of publisher, distributor, etc. Guilford Press,
Date of publication, distribution, etc. 1997.
300 ## - PHYSICAL DESCRIPTION
Extent xi, 388 p.
650 #0 - SUBJECT ADDED ENTRY--TOPICAL TERM
Topical term or geographic name as entry element Natural disasters.
-- 0000149725
700 1# - ADDED ENTRY--PERSONAL NAME
Personal name Montz, Burrell E.
-- 0000170401
852 1# - LOCATION
-- p4125 KES
852 1# - LOCATION
-- p3374 KES
908 ## - PUT COMMAND PARAMETER (RLIN)
Put command parameter 090720
950 ## - LOCAL HOLDINGS (RLIN)
-- 1
Holdings
Withdrawn status Lost status Source of classification or shelving scheme Not for loan Home library Current library Date acquired Total Checkouts Full call number Barcode Date last seen Price effective from Koha item type
    Library of Congress Classification   Kabarak, Main Campus Kabarak, Main Campus 17/12/2015   GB5014 .T63 1997 c. 1 17689 17/12/2015 17/12/2015 General Collection
    Library of Congress Classification   Kabarak, Main Campus Kabarak, Main Campus 17/12/2015   GB5014 .T63 1997 c. 2 18157 17/12/2015 17/12/2015 General Collection
Designed with assistance from East African Informatics Ltd